Husův proces

Bibliographic Details
Main Author: Kejř, Jiří, 1921-2015 (Author)
Format: Book
Language:Czech
PhysicalDescription:235 s. 21 cm
Published: Praha Vyšehrad 2000
ISBN:8070213876
Series:Historica
Subjects:

MARC

LEADER 00000nam a2200000 a 4500
001 vtls001394102
003 SK-MaSNL
005 20260301115856.0
008 251124s2000 xr a rb 0 cze
020 |a 8070213876  |c [240,00] 
035 |a SNK000348421 
040 |a SNK  |b slo  |c SNK  |e AACR2 
044 |a xr  |c CZ 
080 |a 929 Hus, Jan : 284-1(437.1)"14"  |2 1981 
080 |a 929 Hus, Jan : 343.10:284-1(437.1)  |2 1981 
080 |a 284-1(437.1)(091):343.10  |2 1981 
100 1 |a Kejř, Jiří,  |d 1921-2015  |4 aut  |9 53177 
245 1 0 |a Husův proces  |c Jiří Kejř 
260 |a Praha  |b Vyšehrad  |c 2000 
300 |a 235 s.  |c 21 cm 
490 0 |a Historica 
600 1 7 |a Hus, Jan,  |d asi 1371-1415  |2 SNK  |9 190331 
648 7 |a 15. stor.  |2 SNK  |9 284276 
651 7 |a Čechy  |2 SNK  |9 56329 
919 |a 80-7021-387-6 
999 |c 723901  |d 725831 
952 |t P60, <04>, [BOOK], {604}  |a SNK  |b SNK  |y VYP  |7 0  |p 17A0256412  |o snkIC 128943  |i snkV 1730/2000  |0 0  |1 0  |4 0  |d 2000-10-31  |l 0  |r 2005-01-02 00:00:00  |w 2026-02-23